000 00367 a2200157 4500
001 175501
020 _a85-10-02438-3
040 _cMagnum
100 _aSchwenck, Terezinha do Carmo
240 1 0 _aAbordagem integrada em ciências 4
_lpor
245 1 0 _aAbordagem integrada em ciências 4
300 _a200
362 0 _a1999
697 _aCIÊNCIAS
942 _cBK
999 _c175501
_d175501